00459 2200181 4500001002100000008004100021035002000062245004200082100002100124260002800145300002400173020002200197084001400219082000800233990001200241990001200253990001200265INLIS000000000002748 IND  a0010-0925000095 aMatematika Kelas XIcB.K, Noormandiri aB.K, Noormandiri aJakartabErlanggac2021 a223c(17,5 x 25 cm) a978-623-266-777-8 a510 NOO b a510 a0754968 a0754969 a0754970